Jaki jest największy kraj mówiący w tym języku? - Statystyki

Ogólne statystyki
  • Ten quiz został rozwiązany 556 razy
    463 od ostatniego zresetowania
  • Średni wynik to 7 z 12
Statystyki odpowiedzi
Język Kraj % Poprawnych
portugalski Brazylia
86%
hiszpański Argentyna
85%
niemiecki (z wyjątkiem Niemiec!) Austria
82%
włoski Włochy
82%
angielski Kanada
76%
rosyjski (poza Rosją!) Kazachstan
69%
arabski Algieria
51%
francuski Kanada
48%
albański (bez Albanii!) Macedonia Północna
30%
suazi Republika Południowej Afryki
30%
perski (z wyjątkiem Iranu!) Afganistan
28%
serbski (bez Serbii!) Grecja
15%
Nie znaleziono quizów pasujących do podanych kryteriów
Rozkład punktacji
Procent ludzi z każdym wynikiem
Percentyl według liczby udzielonych odpowiedzi
Twoja historia wyników
Nie rozwiązałeś tego quizu od ostatniego zresetowania